000 006100000a22001810004500
003 MACL
005 20160607132235.0
008 160607b xxu||||| |||| 00| 0 eng d
040 _aMACL
_cMACL
041 _aHindi
082 _a920 TOM
100 _aताेमर, अमर सिंह
_962633
245 _aमहान दार्शनिक एंव शिक्षाविद़
_cअमर सिंह ताेमर
260 _aनई दिल्‍ली
_bराही प्रकाशन
_c2011
350 _a250
650 _aजीवनी
_97943
942 _cHIN
_k920/TOM
_2ddc
999 _c47449
_d47449